Normal view
MARC view
- Qādrī, Kāmil,
Entry Personal Name
001 - CONTROL NUMBER
- control field: 4609
003 - CONTROL NUMBER IDENTIFIER
- control field: NUST
005 - DATE AND TIME OF LATEST TRANSACTION
- control field: 20170915113711.0
008 - FIXED-LENGTH DATA ELEMENTS
- fixed length control field: 170915|| aca||aabn | a|a d
040 ## - CATALOGING SOURCE
- Original cataloging agency: NUST
- Transcribing agency: NUST
100 ## - HEADING--PERSONAL NAME
- Personal name: Qādrī, Kāmil,
- Dates associated with a name: 1932-
670 ## - SOURCE DATA FOUND
- Source citation: Work cat.: (NUST)0: Qādrī, Kāmil, 1932-, Muhimmāt-i Balocistān /, 2008
